| Tag |
First Indicator |
Second Indicator |
Subfields |
| LEADER |
00000cam a2200000 a 4500 |
| 001 |
in00000024752 |
| 005 |
20151007054404.0 |
| 008 |
861217s1987 miua b 00010 eng |
| 010 |
|
|
|a 86033713
|
| 020 |
|
|
|a 0931114403 (pbk.)
|
| 035 |
|
|
|a (OCoLC)15054647
|
| 035 |
|
|
|9 AAB4895AM
|
| 040 |
|
|
|a DLC
|c DLC
|d TXA
|d UtOrBLW
|
| 049 |
|
|
|a TXAM
|c [A11521600]
|
| 050 |
0 |
0 |
|a GV424.5
|b .E72 1987
|
| 082 |
0 |
|
|a 790/.06/8
|2 19
|
| 100 |
1 |
|
|a Esbensen, Steen.
|
| 245 |
1 |
3 |
|a An outdoor classroom :
|b the early childhood playground /
|c Steen B. Esbensen.
|
| 264 |
|
1 |
|a Ypsilanti, Mich. :
|b High/Scope Press,
|c [1987]
|
| 264 |
|
4 |
|c ©1987
|
| 300 |
|
|
|a 40 pages :
|b illustrations ;
|c 22 x 28 cm.
|
| 336 |
|
|
|a text
|b txt
|2 rdacontent
|
| 337 |
|
|
|a unmediated
|b n
|2 rdamedia
|
| 338 |
|
|
|a volume
|b nc
|2 rdacarrier
|
| 504 |
|
|
|a Bibliography: pages 38-40.
|
| 650 |
|
0 |
|a Playgrounds.
|
| 650 |
|
0 |
|a Outdoor education.
|
| 650 |
|
0 |
|a Playgrounds
|x Environmental aspects.
|
| 740 |
0 |
|
|a Early childhood playground.
|
| 999 |
|
|
|a MARS
|
| 999 |
f |
f |
|s eea638a8-862d-3166-943c-51e5768dfd8d
|i f3d873cf-400b-346c-bf88-c7971cb0ab9d
|t 0
|
| 952 |
f |
f |
|p ric
|a Texas A&M University
|b Rellis Campus
|c Joint Library Facility
|d Remote Storage
|t 0
|e GV424.5 .E72 1987
|h Library of Congress classification
|i unmediated -- volume
|m A14830696341
|
| 998 |
f |
f |
|a GV424.5 .E72 1987
|t 0
|l Remote Storage
|